[Event "7th Uppsala Young Champions"]
[Site "Uppsala"]
[Date "2020.10.23"]
[Round "1.16"]
[White "Seo, Jung Hyun"]
[Black "Hrescak, Ivana"]
[Result "0-1"]
[WhiteElo "1936"]
[BlackElo "2237"]
[Annotator "TA"]
[PlyCount "102"]
[EventDate "2020.10.23"]
[EventType "swiss"]
[EventCountry "SWE"]
[SourceTitle "playchess.com"]
[Source "ChessBase"]
[SourceQuality "1"]

{[%evp 24,102,31,27,23,20,55,0,6,4,12,17,16,-26,31,39,34,-17,-10,-10,0,-21,16,-93,-90,-103,-94,-77,-81,-79,-70,-72,-65,-66,-80,-97,-68,-108,-79,-137,-72,-128,-74,-81,0,-18,-18,-43,-31,-305,-278,-243,-259,-593,-303,-458,-452,-2937,-2103,-1769,-1209,-1687,-1438,-1473,-1511,-1075,-1075,-29993,-29994,-29994,-29995,-29996,-29996,-29996,-29995,-29996,-29997,-29997,-29998,-29998,-29999]} 1. e4 c5 2. Nf3 d6 3. d4 cxd4 4. Nxd4 Nf6 5. Nc3 a6 6. f3 e5 7. Nb3 Be6 8. Be3 Be7 9. Qd2 Nbd7 10. g4 b5 11. g5 Nh5 12. O-O-O O-O 13. Nd5 Bxd5 $1 {B90: Sicilian Najdorf: Unusual White 6th moves, 6 Be3 Ng4 and 6 Be3 e5.} 14. exd5 f5 15. gxf6 Bxf6 {The position is equal.} 16. Na5 Nf4 17. Nc6 Qc7 18. c3 Nb6 (18... Bd8 $11) 19. Bxf4 $14 exf4 20. Rg1 (20. Qxf4 Bxc3 21. Qg4 Bf6 $17) (20. Bd3 $14) 20... Rae8 $11 {[#]} 21. Bd3 $146 ({Predecessor:} 21. h4 b4 22. cxb4 Na4 23. Kb1 Qb6 24. Nd4 Re3 25. Bh3 Rb8 26. a3 a5 27. Bd7 axb4 28. Bxa4 bxa3 {½-½ (34) Rozenberg,D (2612)-Mueller,G (2528) ICCF email 2005}) 21... Re3 22. Rg4 (22. Qc2 $5 {[%cal Rd3h7]} h6 23. Be4 $11) 22... Na4 23. Kc2 {[#]} (23. Rxf4 $2 Rxd3 $1 {[%mdl 512]} 24. Qxd3 Bg5 $19) (23. Kb1 $11 {keeps the balance.}) 23... Nc5 $1 $17 ({Of course not} 23... Rxf3 $6 24. Qg2 $11) 24. Be4 Nxe4 25. fxe4 Rxe4 26. Rxf4 Rxf4 27. Qxf4 {[#]} Bxc3 $1 {[%mdl 512]} 28. Qg4 (28. bxc3 Rxf4) 28... Bf6 29. Qe6+ Kh8 30. Re1 h6 (30... g5 {with more complications.} 31. a3 Bg7 32. Kb1 Qb6 33. Qe2 Qc5) 31. Kb1 (31. Rf1 $142) 31... a5 (31... g5 $142 32. Qe4 Qd7) 32. h3 (32. a3 $142) 32... a4 ({Better is} 32... b4 33. Rc1 Qb6) 33. a3 Rc8 (33... Qf7 $17 {...Qg6+ is the strong threat.} 34. Qxf7 (34. Qxd6 $2 Bxb2 35. Qb4 Bf6 $19) 34... Rxf7) 34. Re2 Ra8 35. Rc2 Qb6 36. Qxd6 $2 {[%mdl 8192] This move loses the game for White.} (36. Qe1 $15) 36... Qg1+ $19 37. Ka2 {[#]} Re8 $1 {[%cal Re8e1]} 38. Qc5 $2 (38. Qh2 Qe3 39. Qd2) 38... Qf1 39. Rc1 (39. Qf2 $142 Qxh3 40. Nb4) 39... Qd3 40. Na5 {[#]} (40. Qc2 $142 Qxd5+ 41. Kb1) 40... Re2 $1 {[%mdl 512]} 41. Rb1 {[#]} Rc2 $1 {[%mdl 512]} 42. Qb4 Qxd5+ 43. Ka1 {[#]} Bc3 $1 {[%mdl 512]} 44. Qf8+ (44. bxc3 Qa2#) 44... Kh7 {( -> ...Bxb2+!)} 45. Qc8 {[#]} Bxb2+ $1 {[%mdl 576] Discovered Attack. Black mates.} 46. Rxb2 Rxc8 47. h4 Qd1+ 48. Rb1 Qd3 {[%cal Rd3a3]} 49. Ka2 Rc3 50. Nb3 Rc2+ 51. Ka1 Qc3+ {Av CentiPawn Loss W=-89/B=-68. Weighted=-115/-89} 0-1

[Event "7th Uppsala Young Champions"]
[Site "Uppsala"]
[Date "2020.10.23"]
[Round "1.17"]
[White "Kusa, Jakub"]
[Black "Ruzic, Pia Marie"]
[Result "1-0"]
[WhiteElo "2233"]
[BlackElo "1929"]
[Annotator "TA"]
[PlyCount "93"]
[EventDate "2020.10.23"]
[EventType "swiss"]
[EventCountry "SWE"]
[SourceTitle "playchess.com"]
[Source "ChessBase"]
[SourceQuality "1"]

{[%evp 12,93,43,34,34,27,39,12,13,19,11,18,27,25,36,40,50,49,39,41,52,41,50,33,59,59,52,48,48,50,50,50,61,17,33,31,63,0,0,0,0,0,0,0,0,0,4,1,6,6,47,7,32,9,20,13,147,135,137,118,118,48,313,23,24,27,48,48,48,54,287,261,491,505,494,487,475,468,534,570,542,519,4618,4133]} 1. e4 e6 2. d4 d5 3. Nd2 dxe4 4. Nxe4 Nd7 5. Nf3 Ngf6 6. Nxf6+ Nxf6 7. g3 b6 {C10: French with 3 Nc3: Unusual Black 3rd moves and 3...dxe4.} 8. Bb5+ $1 {8.Bb5+ is better than 8.Bg2.} Bd7 9. Be2 Bc6 {The position is equal.} 10. O-O {And now Ne5 would win.} Bd6 11. Ne5 Bxe5 12. dxe5 Qxd1 13. Rxd1 Nd7 14. f4 O-O-O 15. Be3 {[#]} Bb7 $146 ({Predecessor:} 15... Nb8 16. Bd3 Bf3 17. Rd2 Bg4 18. c3 h5 19. Bf1 Rxd2 20. Bxd2 Rd8 21. Be3 Nc6 {½-½ (37) Vachier Lagrave,M (2718)-Meier,G (2653) Khanty-Mansiysk 2009}) 16. Kf2 Nb8 17. c4 c5 18. a3 Nc6 19. b4 Rxd1 20. Bxd1 cxb4 21. axb4 Rd8 22. Bf3 {With the idea Bxc6.} Kb8 23. Rb1 Ne7 24. Bxb7 ({Better is} 24. Rd1 $14 Rxd1 25. Bxd1) 24... Kxb7 $14 {[%mdl 4096] Endgame KRB-KRN} 25. b5 Rd3 26. g4 Ra3 27. Rd1 Kc7 28. Kf3 Ra2 29. Rd2 Ra1 30. Ke4 h5 31. h3 Rh1 32. Rd3 Rh2 33. Bd2 {Black should prevent Bb4.} Re2+ (33... hxg4 $11 {keeps the balance.} 34. hxg4 Ng6) 34. Kf3 $16 Rh2 35. Kg3 (35. gxh5 $6 Nf5 $11) 35... Rh1 36. Bb4 ({Of course not} 36. gxh5 $6 Nf5+ 37. Kg4 Nh6+ 38. Kg3 Nf5+ 39. Kg4 Ra1 $11) (36. Ra3 $16 Nc8 37. gxh5) 36... Ng6 $2 {[%mdl 8192] [#]} (36... hxg4 $14 37. hxg4 Ng6) 37. Ra3 $2 (37. gxh5 $18 Rxh3+ {[%mdl 64] Decoy} 38. Kxh3 Nxf4+ 39. Kh4 Nxd3 40. Bf8 Nxe5 41. Bxg7) 37... h4+ $1 $11 38. Kg2 Rb1 39. Bd6+ (39. Rxa7+ $2 Kb8 $19) 39... Kb7 40. Rf3 $1 {f5 is the strong threat.} Rb2+ $2 {[#]} (40... Re1 $1 $14) 41. Kf1 $1 $18 f6 $2 (41... Rc2 42. f5 exf5) 42. exf6 {White is clearly winning.} gxf6 43. f5 exf5 44. Rxf5 Ne5 45. Bxe5 fxe5 46. g5 Rb3 (46... Kc7 $142 47. g6 (47. Rxe5 Rb3 $16) 47... Rb3) 47. Rf7+ {Av CentiPawn Loss W=-28/B=-52. Weighted=-31/-52} 1-0

[Event "7th Uppsala Young Champions"]
[Site "Uppsala"]
[Date "2020.10.23"]
[Round "1.18"]
[White "Grahn, Vidar"]
[Black "Muetsch, Annmarie"]
[Result "1/2-1/2"]
[WhiteElo "1864"]
[BlackElo "2226"]
[Annotator "TA"]
[PlyCount "84"]
[EventDate "2020.10.23"]
[EventType "swiss"]
[EventCountry "SWE"]
[SourceTitle "playchess.com"]
[Source "ChessBase"]
[SourceQuality "1"]

{[%evp 14,84,39,35,47,35,49,0,5,-4,1,-1,27,24,22,0,4,0,13,0,0,0,13,0,6,0,23,22,77,31,133,108,175,89,84,91,93,95,86,54,43,53,51,26,36,35,43,43,40,40,42,39,41,26,42,11,26,0,0,0,0,0,0,0,0,0,0,0,0,0,0,0,0]} 1. e4 d6 2. d4 Nf6 3. Nc3 e5 4. Nf3 Nbd7 5. Bc4 Be7 6. O-O O-O 7. Re1 {7.a4 might become the main line.} a6 8. a4 b6 {C41: Philidor Defence.} 9. h3 Bb7 10. b3 c6 11. Bb2 b5 12. Bd3 {[%cal Ra4b5]} Qc7 13. Qd2 Rfe8 14. axb5 axb5 15. Ne2 Bf8 16. Ng3 g6 {[#]} 17. Rxa8 $146 ({Predecessor:} 17. Qc3 Qb6 18. Qd2 c5 19. c3 Bg7 20. d5 b4 21. c4 h6 22. h4 Kh7 23. Nh2 Rxa1 24. Rxa1 {1-0 (39) Hlavac,R (2165)-Markovic,I (2214) Brno 2004}) 17... Bxa8 18. dxe5 dxe5 19. c4 Qb6 20. Ra1 $36 {[%mdl 2048] White is pushing.} Bd6 (20... b4 $11 {keeps the balance.}) 21. cxb5 Nc5 (21... cxb5 $14 22. Bxb5 Qxb5 23. Qxd6 Nxe4 24. Nxe4 Bxe4) 22. Qe3 {Nf5 is the strong threat.} Qb8 (22... Nfd7 $16 {keeps fighting.}) 23. b4 (23. b6 $18) 23... Nxd3 $16 24. Qxd3 Bc7 25. b6 Qxb6 26. Bxe5 Bxe5 27. Nxe5 {Black must now prevent Qd6.} Qxb4 28. Ra7 Qc5 29. Nd7 Qxa7 30. Nxf6+ Kf8 {[#] Threatens to win with ...Qa1+.} 31. Nxe8 Kxe8 32. Qc3 c5 33. Qe5+ Kf8 34. Ne2 Kg8 35. Nf4 c4 {The position is equal.} 36. Nd5 Bxd5 $1 37. exd5 $11 {[%mdl 4096] Endgame KQ-KQ} Qd7 38. d6 {Hoping for Qe7.} c3 $1 39. Qe7 c2 $1 {[%cal Rc2c1]} 40. Qxd7 {White threatens Qc8+ and mate.} c1=Q+ 41. Kh2 Qf4+ {[%mdl 64] [#] Double Attack} 42. Kg1 Qc1+ {Av CentiPawn Loss W=-11/B=-10. Weighted=-16/-11} 1/2-1/2

[Event "7th Uppsala Young Champions"]
[Site "Uppsala"]
[Date "2020.10.23"]
[Round "1.19"]
[White "Nilsson, Joakim"]
[Black "Skahlberg Bjerknes-Lima de Far, Warg"]
[Result "1-0"]
[WhiteElo "2224"]
[BlackElo "1759"]
[Annotator "TA"]
[PlyCount "123"]
[EventDate "2020.10.23"]
[EventType "swiss"]
[EventCountry "SWE"]
[SourceTitle "playchess.com"]
[Source "ChessBase"]
[SourceQuality "1"]

{[%evp 9,122,0,0,0,0,0,0,-2,2,0,6,0,24,31,115,116,122,133,96,69,62,52,53,25,83,93,114,66,72,0,119,124,110,97,103,103,91,89,113,112,131,108,120,79,97,106,186,191,173,194,193,165,264,240,473,473,478,476,886,880,847,845,552,320,962,6279,6139,6103,5669,6031,5693,5181,29978,29978,29995,29996,29997,650,618,599,578,568,688,643,771,768,735,732,661,644,3569,856,770,711,1085,999,4724,2460,29977,29974,29974,29975,29967,29968,29965,29966,29971,12810,29988,29989,29990,29991,29996,29997,29999]} 1. Nf3 c5 2. e4 g6 3. c4 Nc6 4. Nc3 Bg7 5. d3 Nf6 6. Be2 {B20: Sicilian: Unusual White 2nd moves.} O-O 7. O-O d6 8. h3 {The position is equal.} a6 9. Be3 Bd7 10. Qd2 Qa5 11. a3 Rfc8 {[#]} (11... Qc7 $14) 12. b4 $1 $16 {[%cal Rb4a5][%mdl 512] [#]} Qd8 $146 (12... cxb4 13. axb4) ({Predecessor:} 12... cxb4 13. axb4 Qd8 14. Rab1 b6 15. b5 Na5 16. Na4 Rcb8 17. Nxb6 Rxb6 18. Qxa5 Rbb8 19. Qxd8+ Rxd8 20. bxa6 Rxa6 {1-0 (39) Nouri,A (1730)-Ellien,I (1800) Fouesnant 2003}) 13. bxc5 dxc5 14. Rab1 b6 15. Nd5 Rab8 16. Rfe1 e5 (16... Ne8 $11 {remains equal.}) 17. Bg5 Be6 18. Nh2 Nd4 19. Ng4 (19. Bg4 $16) 19... Nxe2+ (19... Bxd5 $11 20. exd5 (20. cxd5 Qd6 $14) 20... Qd6) 20. Qxe2 {Black is on the road to losing.} Bxg4 21. hxg4 Qd6 22. Bxf6 Bxf6 23. Rb3 Re8 24. Reb1 {[%cal Rb3b6]} Bd8 25. Qe3 Kg7 26. g3 Rf8 27. Kg2 f5 (27... Rh8 $16 {is a better defense.}) 28. gxf5 gxf5 29. exf5 Rxf5 {[#]} 30. Qe4 $1 {[%cal Re4f5]} Qg6 (30... Rg5 $142 31. a4 (31. Rh1 Qg6 $16) 31... a5) 31. a4 $18 Rg5 $2 {[#]} (31... a5 {was necessary.} 32. Rb5 Rb7) 32. a5 $1 {[%mdl 512]} b5 (32... bxa5 33. Rxb8) 33. cxb5 Bxa5 (33... axb5 $142 34. Rxb5 Qxe4+ 35. dxe4 Rxb5 36. Rxb5 Rg6 37. Rxc5 Ra6) 34. bxa6 Rxb3 35. Rxb3 Qxa6 36. Ne3 {Black must now prevent Rb7+.} Qf6 $2 (36... Bb4 37. Nf5+ Kf6) 37. Rb7+ Kf8 38. Qxh7 Bd8 39. Nd5 Qe6 40. Nc3 Rg8 41. Ne4 Qg6 42. Qd7 Qe8 43. Nxc5 (43. Qf5+ $142 Bf6 44. Qxf6+ Qf7 45. Qxf7#) 43... Qxd7 44. Nxd7+ {[%mdl 4096] Endgame KRB-KRN} Ke7 45. Nxe5+ Ke6 46. f4 Bh4 47. g4 Be1 48. Kf3 Bc3 49. Rb5 Rd8 50. Ke4 Rd4+ 51. Ke3 Rd6 52. Nf3 Kf6 53. d4 Kg6 54. Ke4 Re6+ 55. Ne5+ Kg7 56. Rb7+ Kg8 57. f5 Rd6 58. Rd7 Rb6 59. g5 {White mates.} Rb1 60. f6 Rf1 61. Ng6 {[%csl Gf6][%cal Rd7g7]} Bb4 62. Rg7# {Av CentiPawn Loss W=56/B=-106. Weighted=-79/-132} 1-0

[Event "7th Uppsala Young Champions"]
[Site "Uppsala"]
[Date "2020.10.23"]
[Round "1.20"]
[White "Ostensson, Julia"]
[Black "Brozka, Karel"]
[Result "*"]
[WhiteElo "1562"]
[BlackElo "2216"]
[Annotator "TA"]
[PlyCount "96"]
[EventDate "2020.10.23"]
[EventType "swiss"]
[EventCountry "SWE"]
[SourceTitle "playchess.com"]
[Source "ChessBase"]
[SourceQuality "1"]

{[%evp 16,96,47,20,19,0,0,-2,0,0,0,0,36,13,54,-102,-102,-102,-102,-112,-110,-112,-106,-127,-127,-129,-129,-126,-118,-120,-130,-151,-123,-147,-120,-122,-85,-98,-98,-129,-128,-116,-112,-136,-108,-122,-117,-146,-147,-157,-146,-154,-146,-172,-171,-208,-211,-242,-268,-269,-196,-279,-252,-283,-275,-315,-300,-308,-286,-407,-395,-491,-469,-491,-443,-485,-394,-652,-632,-734,-746,-29995,435]} 1. e4 c6 2. d4 d5 3. Nc3 dxe4 4. Nxe4 Nf6 5. Nxf6+ exf6 6. Nf3 Bd6 7. Bd3 O-O 8. O-O Nd7 9. c3 Re8 {B15: Caro-Kann: 3 Nc3: 3...g6 and 3...dxe4 4 Nxe4 Nf6 5 Nxf6+ exf6.} 10. Qc2 Nf8 11. Be3 Qc7 {The position is equal.} 12. h3 Be6 13. Nd2 {[#]} Qc8 $146 ({Predecessor:} 13... Bf4 14. Rfe1 Rad8 15. Nf1 a6 16. a3 Rd7 17. Qd2 Bd6 18. Qc2 Red8 19. b4 a5 {1-0 (45) Tran,T (1873)-Nguyen,T (1841) Ho Chi Minh City 2018}) 14. Ne4 Bc7 15. Ng3 $2 (15. Rae1 $14 {stays ahead.}) 15... Bxg3 $17 16. fxg3 Bxh3 $1 17. gxh3 {Threatens to win with Bf5.} Rxe3 18. Kf2 Re7 19. Bf5 Qc7 20. Rae1 Rae8 {aiming for ...Rxe1.} 21. Rxe7 Qxe7 22. Qd2 g6 23. Bg4 f5 24. Bf3 Qd6 25. Re1 Rd8 26. Qe3 Ne6 27. h4 f4 28. Qe5 fxg3+ 29. Kxg3 Ng7 30. Qxd6 Rxd6 {[%mdl 4096] Endgame KRB-KRN} 31. Bg4 f5 32. Bd1 {next Re7 is good for White.} Kf7 33. Re5 Kf6 34. Bb3 h6 35. Kf3 g5 36. hxg5+ hxg5 37. Kg3 Nh5+ 38. Kf3 (38. Kf2 {keeps fighting.}) 38... g4+ $19 39. Kf2 Nf4 {Strongly threatening ...Nd3+.} 40. Bc2 Rd5 41. Re8 Ng6 42. Rb8 (42. Bb3 $142 Rd7 43. Rg8) 42... Rd7 43. Ra8 a6 44. Bd3 Re7 45. Ra7 {[#]} g3+ $1 {[%mdl 512]} 46. Kf3 $2 {[#]} (46. Kxg3 Re3+ {[%mdl 64] Double Attack} 47. Kf2 Rxd3 48. Rxb7) 46... g2 $1 {[%mdl 512]} 47. Kf2 (47. Kxg2 Nf4+) 47... Nf4 {( -> ...Rg7)} 48. Bc4 Re6 $4 {[%mdl 8192] Av CentiPawn Loss W=-58/B=-39. Weighted=-39/-60} (48... Rg7 49. Ke1 g1=Q+ 50. Bf1 Rg2 51. Rxb7 Qf2+ 52. Kd1 Qxf1#) *

[Event "7th Uppsala Young Champions"]
[Site "Uppsala"]
[Date "2020.10.23"]
[Round "1.20"]
[White "Ostensson, Julia"]
[Black "Brozka, Karel"]
[Result "0-1"]
[WhiteElo "1562"]
[BlackElo "2216"]
[Annotator "TA"]
[PlyCount "96"]
[EventDate "2020.10.23"]
[EventType "swiss"]
[EventCountry "SWE"]
[SourceTitle "playchess.com"]
[Source "ChessBase"]
[SourceQuality "1"]

{[%evp 16,96,40,4,0,0,0,0,0,0,0,0,16,18,16,-105,-101,-106,-97,-119,-119,-119,-118,-130,-123,-127,-118,-125,-119,-127,-119,-150,-138,-146,-127,-124,-98,-99,-101,-135,-134,-123,-121,-134,-109,-114,-104,-151,-142,-166,-154,-158,-147,-185,-166,-223,-219,-238,-237,-256,-224,-252,-240,-267,-256,-341,-337,-320,-290,-384,-408,-471,-435,-487,-454,-484,-433,-680,-614,-743,-709,-29995,-5701]} 1. e4 c6 2. d4 d5 3. Nc3 dxe4 4. Nxe4 Nf6 5. Nxf6+ exf6 6. Nf3 Bd6 7. Bd3 O-O 8. O-O Nd7 9. c3 Re8 {B15: Caro-Kann: 3 Nc3: 3...g6 and 3...dxe4 4 Nxe4 Nf6 5 Nxf6+ exf6.} 10. Qc2 Nf8 11. Be3 Qc7 {The position is equal.} 12. h3 Be6 13. Nd2 {[#]} Qc8 $146 ({Predecessor:} 13... Bf4 14. Rfe1 Rad8 15. Nf1 a6 16. a3 Rd7 17. Qd2 Bd6 18. Qc2 Red8 19. b4 a5 {1-0 (45) Tran,T (1873)-Nguyen,T (1841) Ho Chi Minh City 2018}) 14. Ne4 Bc7 15. Ng3 (15. f4 $11 {keeps the balance.}) 15... Bxg3 16. fxg3 Bxh3 $1 17. gxh3 {Strongly threatening Bf5.} Rxe3 18. Kf2 Re7 19. Bf5 Qc7 20. Rae1 Rae8 {Hoping for ...Rxe1.} 21. Rxe7 Qxe7 22. Qd2 g6 23. Bg4 f5 24. Bf3 Qd6 25. Re1 Rd8 26. Qe3 Ne6 27. h4 f4 28. Qe5 fxg3+ 29. Kxg3 Ng7 30. Qxd6 Rxd6 $17 {[%mdl 4096] Endgame KRB-KRN} 31. Bg4 f5 32. Bd1 {next Re7 is good for White.} Kf7 33. Re5 Kf6 34. Bb3 h6 35. Kf3 (35. Bc4 $142) 35... g5 $19 36. hxg5+ hxg5 37. Kg3 Nh5+ 38. Kf3 g4+ 39. Kf2 Nf4 {White must now prevent ...Nd3+.} 40. Bc2 Rd5 41. Re8 Ng6 42. Rb8 Rd7 43. Ra8 a6 44. Bd3 Re7 45. Ra7 {[#]} g3+ $1 {[%mdl 512]} 46. Kf3 {[#]} (46. Kxg3 $142 Re3+ {[%mdl 64] Double Attack} 47. Kf2 Rxd3 48. Rxb7) 46... g2 $1 {[%mdl 512]} 47. Kf2 (47. Kxg2 Nf4+) 47... Nf4 {( -> ...Rg7)} 48. Bc4 Re1 {Black took control after the opening. Av CentiPawn Loss W=-56/B=-37. Weighted=-36/-57} (48... Rg7 $142 49. Ke1 g1=Q+ 50. Bf1 Rg2 51. Rxb7 Qf2+ 52. Kd1 Qxf1#) 0-1

[Event "7th Uppsala Young Champions"]
[Site "Uppsala"]
[Date "2020.10.24"]
[Round "2.1"]
[White "Radeva, Viktoria"]
[Black "Blohberger, Felix"]
[Result "1-0"]
[WhiteElo "2263"]
[BlackElo "2467"]
[Annotator "TA"]
[PlyCount "41"]
[EventDate "2020.10.23"]
[EventType "swiss"]
[EventCountry "SWE"]
[SourceTitle "playchess.com"]
[Source "ChessBase"]
[SourceQuality "1"]

{[%evp 9,41,18,9,26,20,18,20,0,26,27,29,39,105,104,107,31,39,35,62,48,79,72,195,25,191,90,152,147,732,690,966,958,899,870]} 1. e4 c5 2. Nf3 d6 3. d4 Nf6 4. dxc5 Qa5+ 5. Nc3 Nxe4 6. cxd6 {Qd5 is the strong threat. B53: Sicilian: 2...d6: Lines with Qxd4.} Nxc3 7. bxc3 Nc6 8. Bd3 {The position is equal.} exd6 (8... Qxc3+ {keeps more tension.} 9. Bd2 Qf6 10. O-O e5 11. Ng5 Bxd6 12. Qh5 Be7) 9. O-O Be7 10. Rb1 {[#]} d5 $146 ({Black should play} 10... O-O $14) ({Predecessor:} 10... h6 11. Nd4 a6 12. Nxc6 bxc6 13. Qf3 Qc7 14. Ba3 Kf8 15. c4 Qd8 16. Bb2 Bf6 {0-1 (39) Borgo,G (2444)-Tolnai,T (2514) Budapest 1999}) 11. Re1 $16 {Strongly threatening Nd4.} O-O 12. Rb5 (12. Ng5 $1 $16 h6 13. Qh5) 12... Qxa2 $14 13. Rxd5 g6 14. Rb5 Bf6 15. Bh6 Rd8 {[#]} (15... a6 $16 {was called for.} 16. Rc5 Bg7 17. Bxg7 Kxg7) 16. Qe2 $2 (16. Qd2 $1 $18 Qa4 17. h3) 16... Qe6 $2 (16... Be6 $1 $11 {and Black has nothing to worry.}) 17. Qf1 (17. Qd2 $18 Qd6 18. Ng5) 17... Qd7 {[#]} (17... Qd6 $142) 18. Bc4 $1 $36 {[%mdl 2048] aiming for Rd5. White is on the roll.} a6 $2 {[%mdl 8192]} (18... Re8 $16) 19. Rd5 $18 {White is clearly winning.} Qc7 20. Rxd8+ Qxd8 {[#]} 21. Bxf7+ $1 {[%mdl 512] Av CentiPawn Loss W=-28/B=-87. Weighted=-40/-92} 1-0

[Event "7th Uppsala Young Champions"]
[Site "Uppsala"]
[Date "2020.10.24"]
[Round "2.2"]
[White "Hrescak, Ivana"]
[Black "Pantzar, Milton"]
[Result "0-1"]
[WhiteElo "2237"]
[BlackElo "2410"]
[Annotator "TA"]
[PlyCount "144"]
[EventDate "2020.10.23"]
[EventType "swiss"]
[EventCountry "SWE"]
[SourceTitle "playchess.com"]
[Source "ChessBase"]
[SourceQuality "1"]

{[%evp 9,144,22,31,40,33,23,28,22,25,20,17,26,32,31,32,29,36,32,33,25,27,16,22,6,0,0,6,8,7,0,0,-17,0,0,27,16,15,-54,-30,-82,-32,-49,-36,-32,-31,-37,0,-36,-13,-62,-20,-12,-21,-19,-14,-8,0,-8,70,0,124,0,0,0,0,0,0,0,0,-104,-114,-141,-157,-159,-156,-171,-160,-154,-162,-166,-26,-489,-458,-722,-689,-701,-672,-860,-807,-1193,-1222,-1232,-1146,-1112,-987,-1098,-1081,-884,-1086,-1803,-1664,-2412,-1551,-5848,-5505,-5848,-4465,-5485,-4651,-5373,-3013,-2078,-5193,-5089,-4599,-5197,-4149,-3256,-2559,-5293,-5233,-3177,-2499,-5401,-5401,-2254,-2196,-29978,-29980,-29980,-29981,-29987,-29988,-29988,-29988,-29988,-29989]} 1. d4 d5 2. c4 e6 3. Nc3 a6 4. cxd5 exd5 5. Nf3 h6 6. Bf4 {D31: Queen's Gambit Declined: Semi-Slav without ...Nf6 (+ Marshall Gambit and Noteboom) and Exchange Variation lines without ...Nf6.} Nf6 7. Qc2 Bd6 8. Bxd6 {White has an edge.} Qxd6 9. e3 O-O 10. Bd3 Re8 11. O-O Nc6 12. a3 Bg4 13. Nd2 {[#]} Ne7 $146 ({Predecessor:} 13... Rad8 14. Rac1 Ne7 15. b4 Bd7 16. Nf3 b5 17. h3 c6 18. Ne5 Bc8 {1-0 (43) Korzh,I-Luckianov,S Kiev 2010}) 14. h3 Bh5 15. Na4 Bg6 16. Rac1 {next Bxg6 is good for White.} Bxd3 17. Qxd3 c6 18. Nc5 Qc7 19. Rc2 Nc8 20. f3 Nh5 21. Rf2 Nd6 22. g4 $1 {[%cal Rg4h5]} Nf6 23. Kg2 ({White should play} 23. e4 $11) 23... a5 24. Na4 (24. Re2 $11) 24... Re7 25. Nc3 {Black should prevent e4.} Rae8 26. Re2 {White wants to play e4.} b5 27. b3 Qd7 28. Nd1 Re6 29. Nf2 Nc8 30. Qc3 Ne7 31. Nf1 Ng6 {Threatens to win with ...Nh4+.} 32. Nd3 $1 Qd8 33. Qe1 R8e7 (33... Nd7 $11) 34. h4 (34. f4 $14 Rd6 35. Ng3) 34... Re8 (34... h5 $1 $11 {remains equal.}) 35. Nf4 (35. h5 $16 Nf8 36. Ng3) 35... Nxf4+ $11 36. exf4 Rxe2+ 37. Rxe2 Rxe2+ 38. Qxe2 Qd6 39. Qb2 (39. Ng3 $11 {keeps the balance.}) 39... Qxf4 $17 40. Qc3 {[#]} h5 $1 {[%cal Rh5g4]} 41. g5 Nh7 42. Qxc6 Qxh4 43. Qa8+ Nf8 44. Qxd5 {[#]} Ne6 (44... b4 $1 $19 {[%cal Rb4a3]} 45. axb4 axb4) 45. Qa8+ $2 {[%mdl 8192] White does not recover from this.} (45. Qxb5 $11 Qxd4 46. Qxa5) 45... Kh7 $19 {Hoping for ...Nf4+.} 46. Qe4+ (46. Qc6 $142 Nf4+ 47. Kg1 Qxg5+ 48. Kf2) 46... Qxe4 47. fxe4 {White hopes to continue with d5.} Nxd4 {[%mdl 4096] Endgame KN-KN} 48. Nd2 Kg6 49. a4 bxa4 50. bxa4 Kxg5 51. Nc4 Nb3 52. Kf3 f6 53. Nd6 Nc5 54. Nc4 Nxa4 55. Nxa5 Nb6 56. Nc6 Nc4 57. Nd4 Ne5+ 58. Kg3 g6 59. Ne6+ Kh6 60. Nd4 g5 61. Nf5+ Kg6 62. Ne7+ Kf7 63. Nf5 h4+ 64. Kh3 Ke6 65. Ng7+ Kd7 66. Nh5 Ke7 67. Ng7 Nc4 68. Kg4 Nd6 {Black mates.} 69. e5 fxe5 70. Kxg5 h3 71. Nh5 h2 72. Ng3 Ne4+ {[%mdl 64] Double Attack. Av CentiPawn Loss W=-7/B=-71. Weighted=-15/-71} 0-1